02237nam a2200445 a 450000500170000000800410001704100080005809200170006610000200008324500910010325000750019426000320026930000450030150001420034665300170048865300140050565300150051965300130053465300350054765300320058265300100061465300680062465300650069265300150075765300380077265300390081065300290084965300190087865300250089765300130092265300550093565300800099065300120107070000220108294200120110499900150111695201990113195202250133095202360155520240702092829.0100510t1973||||sp a . f |||| 001 0 spa d aspa c611l82sTES1 aTestut, L.9145 aTratado de Anatomía Humana.bT.2 Angiología. Sistema Nervioso Central /cL. Testut a9a ed. revisada, corregida y aumentadabDibujos de G. Devy y S. Dupret aBarcelona: bSalvat;c1973. a1237 p.b1074 grabados, varios en color. aTestut, L. y Latarjet, A. (1973). Tratado de anatomía humana. T.2 Angiología. Sistema Nervioso Central. (9a ed.). Barcelona : Salvat. aAngiología aCorazón aPericardio aArterias aSistema de la arteria pulmonar aSistema de la arteria aorta aVenas aVenas pulmonares (venas correspondientes a la arteria pulmonar) aVenas aórticas (venas correspondientes a la arteria aorta) aLinfaticos aConductos colectores linfáticos aLinfáticos y grupos ganglionares aSistema Nervioso Central aBulbo raquideo aProtuberancia anular aCerebelo aVentrículo bulbocerebeloso o cuarto ventrículo aPedúnculos cerebrales. Túberculos cuadrigéminos y acueducto de Silvio aCerebro1 aLatarjet, A.9146 2ddccBK c2421d2421 00102ddc4070aBFMbBFMcCRd2017-06-16eDonacion Héctor Defilpo, Junio 2017.l0o611 82 TESp3875r2017-06-16tEj.1w2017-06-16yBKzDonacion Héctor Defilpo, Junio 2017. Hemeroteca 2022f 00102ddc4070aBFMbBFMcCRd2018-05-04eDonación Dr. Gallardo, Andrés. Mayo 2018l1o611 82 TESp4227r2019-02-15s2018-12-21tEj. 2w2018-05-04yBKzDonación Dr. Gallardo, Andrés. Mayo 2018. Hemeroteca 2022f 00102ddc4070aBFMbBFMcCRd2022-08-29eDonación de Leonardo Orellana Kittsteiner, agosto 2022l5m1o 611 82 TESp4783r2024-12-10s2024-12-06tEj.3w2022-08-29yBKzDonación de Leonardo Orellana Kittsteiner, agosto 2022.f